Statistics for Not Free Countries on the World Map

Click here to take the quiz!

General Stats

  • This quiz has been taken 127 times
  • The average score is 48 of 54

Answers on the Map

Answers color-coded by a green-red scale on the quiz's map according to % correct below.
 

Answer Stats

Answer% Correct
China
97%
North Korea
97%
Russia
97%
Yemen
97%
Afghanistan
96%
Oman
96%
Iran
94%
Iraq
94%
Saudi Arabia
94%
Algeria
93%
Chad
93%
DR Congo
93%
Republic of the Congo
93%
Somalia
93%
South Sudan
93%
Syria
93%
Angola
92%
Libya
92%
Qatar
92%
Sudan
92%
Egypt
91%
Kazakhstan
91%
Tajikistan
91%
Turkmenistan
91%
Vietnam
91%
Zimbabwe
91%
Kyrgyzstan
90%
Laos
90%
United Arab Emirates
90%
Uzbekistan
90%
Cambodia
89%
Central African Republic
89%
Cuba
89%
Myanmar
89%
Venezuela
89%
Eritrea
88%
Jordan
88%
Mali
88%
Uganda
88%
Turkey
87%
Azerbaijan
85%
Ethiopia
85%
Bahrain
84%
Belarus
84%
Cameroon
83%
Rwanda
82%
Burundi
81%
Djibouti
81%
Gabon
79%
Thailand
79%
Equatorial Guinea
75%
Brunei
74%
Eswatini
73%
Nicaragua
65%

Score Distribution

Percentile by Number Answered

Percent of People with Each Score

Your Score History

You have not taken this quiz